000 00339nam a22001457a 4500
003 SGT
020 _a978-81-84004861
082 _a604.2
_bAGA
100 _aAGARWAL,RAJEEV
245 _aWHAT I DID NOT LEARN AT IIT
260 _aNOIDA(U.P)
_bRANDOM HOUSE INDIA
_c2013
300 _a194
650 _aCOMPUTER ENGINEERING
942 _2ddc
_cBK
999 _c14667
_d14667